Artist Facts Photo Quiz - Statistics

General Stats
  • This quiz has been taken 16 times
  • The average score is 22 of 30
Answer Stats
Question Tile Select % Correct
artists that have won a Grammy (won, not nominated) Yes
92%
artists that have a song on Spotify's Top 50 most streamed songs (All time) Yes
92%
artists that have a song on Spotify's Top 50 most streamed songs (All time) Yes
92%
artists that have a song on Spotify's Top 50 most streamed songs (All time) Yes
92%
artists that have collabed with Justin Bieber Yes
92%
artists that have collabed with Justin Bieber No
92%
artists that have been invlolved in the P Diddy drama somehow Yes
92%
artists that have 5 or less studio albums Yes
85%
artists that have 5 or less studio albums Yes
85%
artists that have collabed with Justin Bieber No
85%
artists that have been invlolved in the P Diddy drama somehow Yes
85%
artists that have been invlolved in the P Diddy drama somehow No
85%
artists that have been invlolved in the P Diddy drama somehow No
85%
artists that have 5 or less studio albums Yes
77%
artists that have 5 or less studio albums Yes
77%
artists that have been invlolved in the P Diddy drama somehow Yes
77%
artists that have won a Grammy (won, not nominated) No
69%
artists that have won a Grammy (won, not nominated) Yes
69%
artists that have 5 or less studio albums No
69%
artists that have 5 or less studio albums No
69%
artists that have a song on Spotify's Top 50 most streamed songs (All time) Yes
69%
artists that have won a Grammy (won, not nominated) No
62%
artists that have a song on Spotify's Top 50 most streamed songs (All time) No
62%
artists that have collabed with Justin Bieber No
62%
artists that have won a Grammy (won, not nominated) No
54%
artists that have a song on Spotify's Top 50 most streamed songs (All time) No
54%
artists that have collabed with Justin Bieber Yes
46%
artists that have been invlolved in the P Diddy drama somehow Yes
46%
artists that have won a Grammy (won, not nominated) Yes
38%
artists that have collabed with Justin Bieber No
38%
No matching quizzes found
Score Distribution
Percent of People with Each Score
Percentile by Number Answered
Your Score History
You have not taken this quiz